000 00935nam a22003137i 4500
003 EG-GICUC
005 20260121101510.0
008 251216s1985 fr ||||f y||| 001 0 eng d
040 _aEG-GiCUC
_beng
_cEG-GiCUC
_dEG-GiCUC
_erda
041 _aeng
082 0 4 _221
_a341.73
_bUN . U
092 0 4 _221
099 _aLaw1 REF 11 341.73 UN . U 1985
110 2 _aUNESCO
245 1 0 _aUnesco Yearbook on Peace and Conflict Studies 1983 /
_cUNESCO .
264 1 _aParis :
_bUnesco,
_c1985.
300 _a406 pages ;
_c24 cm.
336 _2rda content
_atext
337 _2rda media
_aComputer
338 _2rda carrier
_aOnline Resource
504 _aInclude Bibliographic references
546 _aText in English
650 1 _aPeace
_xPublic international law
_2qrmak
650 1 _aConflict
651 1 _2qrmak
856 4 0 _uhttps://fll.law.cu.edu.eg/fulltext/bks/B11-05008.pdf
905 _a75
942 _2ddc
_cREF
_e21
_n0
999 _c50840
_d50840